Flight of the eagle (Record no. 63175)

MARC details
000 -LEADER
fixed length control field 01031nam a2200181 a 4500
008 - FIXED-LENGTH DATA ELEMENTS--GENERAL INFORMATION
fixed length control field 120416s1970 ||||||||||||||||| || u
050 ## - LIBRARY OF CONGRESS CALL NUMBER
Classification number DT 8753.K4 Vya
100 ## - MAIN ENTRY--PERSONAL NAME
Personal name Vyas, Chiman L
245 10 - TITLE STATEMENT
Title Flight of the eagle
246 ## -
-- a brief study of the life of Dr. K.D. Kaunda, first president of the Republic of Zambia against the
260 ## - PUBLICATION, DISTRIBUTION, ETC.
Place of publication, distribution, etc. Lusaka
Name of publisher, distributor, etc. Neczam
Date of publication, distribution, etc. 1970
300 ## - PHYSICAL DESCRIPTION
Extent (ii), 58p.
350 ## -
-- 0.00
995 ## -
-- BINDERY (DAMAGED)
-- 0.00
-- 718042
-- CBU-MAIN LIBRARY (Kitwe)
-- 1
-- 11000.00
-- DT 8753.K4 Vya
-- 1
-- DAMAGED
-- 001689
-- Main Library Open Access Collection
995 ## -
-- SPECIAL COLLECTIONS
-- 0.00
-- 718043
-- CBU-MAIN LIBRARY (Kitwe)
-- 2
-- 11000.00
-- ZAM DT 8753.K4 Vya
-- 2
-- AVAILABLE
-- 018584
-- Zambiana Collection
995 ## -
-- BINDERY (DAMAGED)
-- 0.00
-- 718041
-- CBU-MAIN LIBRARY (Kitwe)
-- 3
-- 11000.00
-- DT 8753.K4 Vya
-- 3
-- DAMAGED
-- 001690
-- Main Library Open Access Collection
995 ## -
-- SPECIAL COLLECTIONS
-- 0.00
-- 718040
-- CBU-MAIN LIBRARY (Kitwe)
-- 4
-- 11000.00
-- ZAM DT 8753.K4 Vya
-- 4
-- AVAILABLE
-- 018587
-- Zambiana Collection
999 ## -
-- 63175
-- 63175
Holdings
Withdrawn status Lost status Source of classification or shelving scheme Damaged status Not for loan Permanent Location Current Location Shelving location Date acquired Total Checkouts Full call number Barcode Date last seen Price effective from Koha item type
          CBU-MAIN LIBRARY, KITWE. CBU-MAIN LIBRARY, KITWE.   12/24/2022   DT 8753.K4 Vya 001689 12/24/2022 12/24/2022 MONOGRAPH
          CBU-MAIN LIBRARY, KITWE. CBU-MAIN LIBRARY, KITWE.   12/24/2022   DT 8753.K4 Vya 018584 12/24/2022 12/24/2022 MONOGRAPH
          CBU-MAIN LIBRARY, KITWE. CBU-MAIN LIBRARY, KITWE.   12/24/2022   DT 8753.K4 Vya 001690 12/24/2022 12/24/2022 MONOGRAPH
          CBU-MAIN LIBRARY, KITWE. CBU-MAIN LIBRARY, KITWE.   12/24/2022   DT 8753.K4 Vya 018587 12/24/2022 12/24/2022 MONOGRAPH